000
00293nam a22001337a 4500
003
SGT
082
_a
615.53
_b
T14A
100
_a
ANGADI, RAVINDRA
245
_a
A TEXT BOOK OF RASASASTRA
260
_a
VARANASI
_b
CHAUKHAMBHA PUB
_c
2014
300
_a
702
650
_a
AYURVEDA
942
_2
ddc
_c
BK
_0
3
999
_c
8745
_d
8745